Statistics for UNESCO World Heritage Sites in Hungary by picture

Click here to take the quiz!

General Stats

  • This quiz has been taken 23 times
  • The average score is 6 of 8

Answer Stats

Answer% Correct
Old Village of Hollókő and its Surroundings
100%
Tokaj Wine Region Historic Cultural Landscape
93%
Budapest, including the Banks of the Danube, the Buda Castle Quarter and Andrássy Avenue
80%
Hortobágy National Park - the Puszta
80%
Millenary Benedictine Abbey of Pannonhalma and its Natural Environment
80%
Caves of Aggtelek Karst and Slovak Karst
67%
Fertő or Neusiedlersee Cultural Landscape
67%
Early Christian Necropolis of Pécs (Sopianae)
60%

Score Distribution

Percentile by Number Answered

Percent of People with Each Score

Your Score History

You have not taken this quiz